MARC
| LEADER | 00000 a a2200000 04500 | ||
|---|---|---|---|
| 001 | 26639 | ||
| 003 | |||
| 040 | |||
| 090 | |a 149200 | ||
| 110 | |a OEA. Secretaría General | ||
| 245 | |a La Situación de los derechos humanos de los índigenas en las Américas / |c OEA. Secretaría General | ||
| 260 | |a Washington: |b OEA | ||
| 300 | |a 373 p | ||
| 650 | |a AMERINDIOS | ||
| 650 | |a DERECHOS HUMANOS | ||
| 650 | |a LEGISLACION | ||
| 650 | |a ORGANIZAMOS ESPECIALIZADOS | ||
| 650 | |a OEA | ||
| 650 | |a ACUERDOS INTERNACIONALES | ||
| 650 | |a ESTUDIO DE CASOS | ||
| 710 | |a Comisión Interamericana de Derechos Humanos | ||
| 999 | |c 14361 |d 14361 | ||
